Migraciones internas y proceso de urbanización en Costa Rica (1950-1973)

Збережено в:
Бібліографічні деталі
Автор: Porras Thames, Ana I.
Формат: Текст
Опубліковано: Buenos Aires :
Теги: Додати тег
Немає тегів, Будьте першим, хто поставить тег для цього запису!

MARC

LEADER 00000 a a2200000 04500
001 15838
003
040
090 |a 029400  
100 |a Porras Thames, Ana I.  
245 |a Migraciones internas y proceso de urbanización en Costa Rica (1950-1973)  
260 |a Buenos Aires :  
300 |a 7; 145 p.  
999 |c 8123  |d 8123